00638nam a2200265Ia 4500008004000000020001800040041000800058082001800066100002200084245009400106260002900200300001200229650001300241650001300254650001200267650001300279650000700292650000900299650001600308650000900324650001400333650000900347650001000356650000600366210210b2012 xxu||||| |||| 00| 0 eng d a9788131764084 aeng a001.6443 ADOB aADOBE DREAMWEAVER aAdobe dreamweaver CS5: classroom in a bookbOfficial training workbook from adobe systems aNew DelhibPearsonc2012 axix,427 aworkbook atraining asystems aOfficial ain afrom adreamweaver aCS5: aclassroom abook aAdobe aa